Statistics for What the what is the what quiz

Click here to take the quiz!

General Stats

  • This quiz has been taken 17 times
  • The average score is 7 of 15

Answer Stats

QuestionAnswer% Correct
Question 10 is lying about this question. What is the answer to this question?Not sure
86%
Green……Is not a primary color
79%
On question 6, you're supposed to select the answer choice that's an example of a paradox. Got it?Okay
64%
The first letter is XOkay
57%
Question 12 is also lying about question 13. The answer to question 13 is "Not sure." The answer to this question is the same answer for 2 other questions.Okay
57%
The answer to the following question is B. The answer to this question is the solution for X on question 9, multiplied by three.(3)(The equation in question 9 isn't solvable)
50%
First character in question 99
50%
Question 5 - Question 4 equals what?False; this is not the definition of what
50%
This is not a trick question.The question is right, it's not. It's a comedic reference to question 6.
50%
Are you on mobile, PC, or some other deviceLogically, this has to be the correct answer choice... right?
43%
Answer the description.what /(h)wət,(h)wät/ pronoun 1. asking for information specifying something. 2. the thing or things that (used in specifying something). determiner 1. asking for information specifying something. 2. (referring to the whole of an amount) whatever. adverb 1. to what extent? 2. used to indicate an estimate or approximation.
43%
Read question 10 and make a decision based on the information in question 10. Then report back here. x+5=x-9The equation doesn't work
36%
The first letter is...X
36%
The correct answer to this question, question 13, question 11, and question 8 is "Okay"No it isn't
29%
A paradox is......not a paradox.
14%

Score Distribution

Percentile by Number Answered

Percent of People with Each Score

Your Score History

You have not taken this quiz